Translation of addictions science into practice /
Recent advances in the understanding of the genetic, neurochemical, behavioral and cultural underpinnings of addiction have led to rapid advances in the understanding of addiction as a disease. In fact, advances in basic science and the development of new pharmacological and behavioral therapies ass...
| Corporate Author: | |
|---|---|
| Other Authors: | , |
| Format: | eBook |
| Language: | English |
| Published: |
Amsterdam ; Boston :
Elsevier/Pergamon,
2007.
|
| Edition: | 1st ed. |
| Subjects: | |
| Online Access: | Connect to the full text of this electronic book Publisher description |
MARC
| Tag | First Indicator | Second Indicator | Subfields |
|---|---|---|---|
| LEADER | 00000cam a2200000Ia 4500 | ||
| 001 | in00002426621 | ||
| 006 | m d | ||
| 007 | cr cn||||||||| | ||
| 008 | 070806s2007 ne a sb 001 0 eng d | ||
| 005 | 20260609193445.0 | ||
| 020 | |a 9780080449272 | ||
| 020 | |a 0080449271 | ||
| 035 | |a (OCoLC)162568461 | ||
| 037 | |a 131637:131743 |b Elsevier Science & Technology |n http://www.sciencedirect.com | ||
| 040 | |a OPELS |c OPELS |d UtOrBLW | ||
| 049 | |a TEFA | ||
| 050 | 1 | 4 | |a RC564 |b .T7287 2007eb |
| 082 | 0 | 4 | |a 616.86/06 |2 22 |
| 245 | 0 | 0 | |a Translation of addictions science into practice / |c edited by Peter M. Miller and David J. Kavanagh. |
| 250 | |a 1st ed. | ||
| 264 | 1 | |a Amsterdam ; |a Boston : |b Elsevier/Pergamon, |c 2007. | |
| 300 | |a xvi, 495 pages : |b illustrations ; |c 25 cm. | ||
| 336 | |a text |b txt |2 rdacontent | ||
| 337 | |a computer |b c |2 rdamedia | ||
| 338 | |a online resource |b cr |2 rdacarrier | ||
| 533 | |a Electronic reproduction. |b Amsterdam : |c Elsevier Science & Technology, |d 2007. |n Mode of access: World Wide Web. |n System requirements: Web browser. |n Title from title screen (viewed on Aug. 2, 2007). |n Access may be restricted to users at subscribing institutions. | ||
| 520 | |a Recent advances in the understanding of the genetic, neurochemical, behavioral and cultural underpinnings of addiction have led to rapid advances in the understanding of addiction as a disease. In fact, advances in basic science and the development of new pharmacological and behavioral therapies associated with them are appearing faster than can be assimilated not only by clinical researchers but practitioners and policy makers as well. Translation of science-based addictions knowledge into improved prevention, assessment and treatment, and communication of these changes to researchers and practitioners are significant challenges to the field. The general aim of this book is to summarize current and potential linkages between advances in addiction science and innovations in clinical practice. Whilst this book is primarily focused on translation, it also encompasses some scientific advances that are relevant to dissemination, and the book is itself a tool for disseminating innovative thinking. The goal is to generate interest in application opportunities from both recent research and theoretical advances. *Provides a much needed resource for translating current research into clinical practice *Focuses upon alcohol, tobacco, and substance abuse addictions *Addresses method of research and best dissemination techniques. | ||
| 505 | 0 | |a TRANSLATION OF ADDICTIONS SCIENCE INTO PRACTICE: -- UPDATE AND FUTURE DIRECTIONS -- Preface -- Section title: GENETICS AND NEUROSCIENCE -- Chapter 1 -- The Interplay between Genotype and Gene Expression in Human Brain: What Can It Teach Us about Alcohol Dependence? -- Chapter 2 -- Common Genetic Influences on Antisociality and Addictions: Implications for Clinical Science and Practice -- Chapter 3 -- Opioids, Pain and Addiction: Cause and Consequence -- Chapter 4 -- Imbalance between Neuroexcitatory and Neuroinhibitory Amino Acids Causes Craving for Ethanol: From Animal to Human Studies -- Chapter 5 -- Cannabis and the Brain: Implications of Recent Research -- Section title: PHARMACOTHERAPY -- Chapter 6 -- The Plasticity of Alcohol Addiction Suggests Novel -- Approaches to Pharmacological Intervention -- Chapter 7 -- Pharmacotherapies for the Treatment of Alcohol Dependence: Current and On-the-Horizon -- Chapter 8 -- Agonist Treatment for Stimulant Abuse and Dependence -- Chapter 9 -- Topiramate-Induced Neuromodulation of Cortico-Mesolimbic Dopamine: Implications for the Treatment of Nicotine and Alcohol Dependence -- Section title: PSYCHOLOGY AND SOCIOLOGY -- Chapter 10 -- Advances in the Scientific Study of Craving for Alcohol and Tobacco -- Chapter 11 -- Advances in the Treatment of Craving for Alcohol and Tobacco -- Chapter 12 -- Cognitive, Affective and Motivational Effects of Smoking -- Chapter 13 -- Therapeutic Outcome Research in the Addictions -- Chapter 14 -- Implications of Research on Comorbidity for the Nature and Management of Substance Misuse -- Chapter 15 -- The Role of Impulsive Personality Traits in the Initiation, Development and Treatment of Substance Misuse Problems -- Chapter 16 -- Translational Research Involving Adolescent Substance Abuse -- Section title: PRACTICE AND POLICY -- Chapter 17 -- Dissemination of Evidence-Based Treatment into Substance Abuse Clinical Practice -- Chapter 18 -- Alcohol Screening and Intervention in Medical and Surgical Settings -- Chapter 19 -- Internet-Based Interventions for Alcohol, Tobacco and Other Substances of Abuse -- Chapter 20 -- Alcohol Use among Undergraduate Students: From Brief -- Interventions to Behavioral Economics -- Chapter 21 -- Ethical and Policy Issues in the Translation of Genetic and Neuroscience Research on Addiction -- Section Title: CONCLUSION -- Chapter 22 -- Pathways to Innovation in Addiction Practice. | |
| 504 | |a Includes bibliographical references and index. | ||
| 500 | |a Electronic resource. | ||
| 650 | 0 | |a Drug abuse |x Physiological aspects. | |
| 650 | 0 | |a Substance abuse |x Physiological aspects. | |
| 650 | 0 | |a Drug abuse |x Treatment. | |
| 650 | 0 | |a Substance abuse |x Treatment. | |
| 655 | 7 | |a Electronic books. |2 local | |
| 700 | 1 | |a Miller, Peter M. |q (Peter Michael), |d 1942- | |
| 700 | 1 | |a Kavanagh, David John. | |
| 776 | 1 | |c Original |z 0080449271 |z 9780080449272 |w (DLC) 2007060069 |w (OCoLC)81945538 | |
| 710 | 2 | |a ScienceDirect (Online service) | |
| 856 | 4 | 0 | |u http://proxy.library.tamu.edu/login?url=https://www.sciencedirect.com/science/book/9780080449272 |z Connect to the full text of this electronic book |t 0 |
| 856 | 4 | 2 | |3 Publisher description |u http://www.loc.gov/catdir/enhancements/fy0707/2007060069-d.html |t 0 |
| 994 | |a C0 |b TEF | ||
| 999 | |a MARS | ||
| 999 | f | f | |s a809731c-4ed8-3998-a01c-d4d66088cb9d |i 373864be-78d9-334a-8666-7cf3c3163610 |t 0 |
| 952 | f | f | |a Texas A&M University |b College Station |c Electronic Resources |s www_evans |d Available Online |t 0 |e RC564 .T7287 2007eb |h Library of Congress classification |
| 998 | f | f | |a RC564 .T7287 2007eb |t 0 |l Available Online |